00523nam a2200193 a 4500001001300000003000900013005001700022008004100039020001200080082001500092100001900107245008000126260003200206300000900238500003500247505001000282650001800292700001900310nice12345678IN_TiNIC20260116011256.0050524s1961 bosa grp 000 0 eng  ac117.600a270.8bUND aUnderwood, K W aProtestant and Catholicb Religious and Social Interaction in an Industrial aBostonbBeacon Press c1961 a484p aincludes index and biblioraphy2 aIndex aEcumenicalism1 aUnderwood, K W